| 000 | 00616nam a2200205Ia 4500 | ||
|---|---|---|---|
| 005 | 20260121110019.0 | ||
| 008 | 008 260114s9999 xx 000 0 hin d | ||
| 020 | _a9788132360018 | ||
| 037 | _aEBOOK | ||
| 040 |
_aCRL _bhin _cCRL |
||
| 041 |
_ahin _2hin |
||
| 084 | _qCRL | ||
| 100 |
_aसुदामा दूबे / Sudama Dubey _9940988 |
||
| 245 | 0 | _aअणु जैविकी / Anu Jaiviki | |
| 260 |
_bभाषा प्रकाशन / Bhasha Prakashan _c2021 |
||
| 856 | _uhttps://bhashaprakashan.com/product-details/382636 | ||
| 942 | _cEBOOK | ||
| 999 |
_c1532653 _d1532653 |
||